[Event "Chargers-Case"]
[Site "?"]
[Date "2002.12.16"]
[Round "?"]
[White "Stamm, Vern"]
[Black "Reid, Carl"]
[Result "1-0"]
[WhiteElo "1507"]
[BlackElo "1539"]
[PlyCount "71"]

1. e4 c5 2. Nf3 d6 3. Bb5+ Nd7 4. O-O a6 5. Bxd7+ Bxd7 6. h3 g6 7. e5 d5 8. c3
Bg7 9. d4 c4 10. Bg5 h6 11. Bh4 g5 12. Bg3 b5 13. a3 e6 14. Nbd2 Ne7 15. Nh2
Nf5 16. Ng4 Nxg3 17. fxg3 Qe7 18. Nf6+ Bxf6 19. Rxf6 O-O-O 20. Qh5 Rdf8 21.
Rxh6 Rxh6 22. Qxh6 Rg8 23. Rf1 g4 24. h4 Qf8 25. Qf6 Be8 26. Qf4 Qg7 27. Rf2
Qg6 28. Nf1 Rh8 29. Ne3 Rg8 30. Kh2 Kd7 31. Nc2 a5 32. Qf6 Qh7 33. Ne3 Rg6 34.
Qf4 Kc6 35. Nxg4 Kd7 36. Nf6+ 1-0

[Event "Chargers-Case"]
[Site "?"]
[Date "2002.12.16"]
[Round "?"]
[White "Dobr, K."]
[Black "Kanas, W."]
[Result "1-0"]
[WhiteElo "1430"]
[BlackElo "1217"]
[PlyCount "103"]

1. e4 e5 2. Nf3 Nc6 3. Bb5 Nf6 4. Bxc6 dxc6 5. d3 Bd6 6. O-O h6 7. h3 c5 8. Be3
Qe7 9. Nbd2 Nh5 10. c4 Nf4 11. Bxf4 exf4 12. Re1 Be5 13. Rb1 O-O 14. Nxe5 Qxe5
15. Nf3 Qh5 16. Qd2 Bxh3 17. Qxf4 Be6 18. Qxc7 b6 19. b3 f6 20. Qf4 Bg4 21. Nh2
f5 22. f3 Bh3 23. gxh3 Qxh3 24. e5 Rad8 25. Rbd1 Rd4 26. Qe3 Qg3+ 27. Kh1 Rh4
28. Rd2 f4 29. Qg1 Qxf3+ 30. Qg2 Qg3 31. Rg1 Rf5 32. Qd5+ Kh7 33. Rxg3 fxg3 34.
Kg1 Rhf4 35. Qg2 gxh2+ 36. Qxh2 Rf1+ 37. Kg2 R1f4 38. Kg3 Rf3+ 39. Kg2 h5 40.
e6 Re3 41. Qd6 Rf6 42. Qd7 Rexe6 43. Qxa7 Rg6+ 44. Kh2 Rg4 45. Qc7 Reg6 46. Qf7
h4 47. Kh3 Rg1 48. Kh2 R1g3 49. Qf5 Kh6 50. d4 Rf6 51. Qe4 Rff3 52. Qxh4+ 1-0

[Event "Northrop-Excaliburs"]
[Site "?"]
[Date "2002.11.27"]
[Round "?"]
[White "Walker, Arnie"]
[Black "Sollano, Ely"]
[Result "1/2-1/2"]
[WhiteElo "1745"]
[BlackElo "2008"]
[PlyCount "98"]

1. c4 Nf6 2. Nf3 d6 3. d4 g6 4. Nc3 Bg7 5. e4 O-O 6. h3 Na6 7. a3 c5 8. d5 {
Diagram #} 8... Nc7 9. Rb1 a5 10. Qc2 Bd7 {Diagram #} 11. b4 cxb4 12. axb4 b6
13. bxa5 bxa5 {Diagram #} 14. Bd3 Na6 15. Ba3 Nh5 16. Ne2 Nb4 17. Bxb4 axb4 {
Diagram #} 18. O-O ({
White can snatch the Pawn, but it doesn't effect the result.} 18. Rxb4 Qa5 (
18... Ra1+ 19. Rb1 Qa5+ 20. Qd2) 19. Qd2 Qa1+ 20. Rb1) 18... Ba4 19. Qd2 b3 {
Diagram #} 20. g4 Nf6 21. Nfd4 Qb6 22. Bc2 Qc5 23. Nxb3 {Diagram #} 23... Bxb3
(23... Qxc4) 24. Rxb3 (24. Bxb3 Nxe4) 24... Qxc4 25. Rb4 Qc7 26. Rfb1 {
Diagram #} 26... Rac8 (26... Rfc8 27. Nd4 Nd7 28. Nc6 Ne5 {Diagram #} 29. Rb7
$2 Qxb7 $1 30. Rxb7 Nf3+ $19) 27. Nd4 Qc5 $6 {
Advancing Queen puts her in jeopardy.} 28. Nc6 Rc7 29. Rb5 Qa3 30. R1b3 Qa2 31.
Ra5 {Diagram #} 31... Nxe4 32. Qe2 ({White can win a piece here.} 32. Qd3 Nc5 (
32... Qxa5 33. Nxa5 Nc5 34. Qc4) 33. Rxa2 Nxd3 34. Bxd3) 32... Nc3 33. Rxc3 (
33. Qd3 {maintains Queen trap} 33... Na4 {Diagram #} 34. Rb1 $1 {
again winning a piece}) 33... Qb2 34. Nxe7+ Rxe7 35. Qxe7 Qxc3 36. Ra2 {
Diagram #} 36... Be5 37. Kg2 Qc4 38. Qa7 Qxd5+ 39. Kg1 Bd4 40. Qa5 Bc5 {
Diagram # It's hard to make progress against the heavy pieces and opposite
Bishops.} 41. Ra3 Qd4 42. Rf3 Qd5 43. Qc3 Qg5 44. Bb3 h5 45. Qf6 {
Diagram # tripling on f7 and, if Black Queen runs, White has Qxg6+} 45... Qxf6
46. Rxf6 Kg7 47. g5 d5 48. Bxd5 {Diagram #} 48... Be7 49. Rf3 Bxg5 1/2-1/2

[Event "Excaliburs-Northrop"]
[Site "?"]
[Date "2002.11.27"]
[Round "?"]
[White "Weitz, Ron"]
[Black "Gothier, Sean"]
[Result "1-0"]
[WhiteElo "1635"]
[BlackElo "1379"]
[PlyCount "53"]

1. e4 c5 2. c4 Nc6 3. g3 Nf6 4. Bg2 g6 5. Nc3 Bg7 6. Nge2 Qa5 7. O-O a6 8. a3
b5 9. d3 Bb7 10. Bd2 Qb6 11. Rb1 O-O 12. Be3 Rad8 13. b4 bxc4 14. Bxc5 Qc7 15.
b5 Ne5 16. Bxe7 Nxd3 17. b6 Qb8 18. Qa4 d5 19. Bxf8 Bxf8 20. exd5 Nxd5 21. Nxd5
Bxd5 22. Bxd5 Rxd5 23. Qxc4 Qb7 24. Nf4 Nxf4 25. Qxf4 Bc5 26. Qc7 Rd7 27. Qxc5
1-0

[Event "Excaliburs-Northrop"]
[Site "?"]
[Date "2002.11.27"]
[Round "?"]
[White "Suerth, Frank"]
[Black "Elek, Gabor"]
[Result "1/2-1/2"]
[WhiteElo "1518"]
[BlackElo "1053"]
[PlyCount "122"]

1. e4 e5 2. Nf3 Nc6 3. d4 d6 4. Bb5 Bd7 5. Nc3 a6 6. Ba4 h6 7. O-O Nf6 8. Re1
Na5 9. dxe5 dxe5 10. Nxe5 Bxa4 11. Qxd8+ Rxd8 12. Nxa4 Bd6 13. Bf4 O-O 14. a3
Rfe8 15. Nd3 Rxe4 16. Bxd6 Rxe1+ 17. Rxe1 Rxd6 18. b4 Nc4 19. Nac5 Nxa3 20.
Nxb7 Nxc2 21. Nxd6 Nxe1 22. Nc5 (22. Nxe1 cxd6) 22... cxd6 23. Nxa6 Nd7 24. b5
Nd3 25. Kf1 N3c5 26. Nc7 Kf8 27. Ke2 Ke7 28. Ke3 Kd8 29. Nd5 Nb8 30. Kd4 Kd7
31. f3 Ke6 32. Nf4+ Kd7 33. Kd5 Kc7 34. Nh5 g6 35. Nf6 Kb6 36. Kxd6 Kxb5 37.
Ke7 Nc6+ 38. Kxf7 Ne5+ 39. Kg7 h5 40. f4 Ng4 41. Nxg4 hxg4 42. Kxg6 Kc6 43. f5
Kd7 44. Kg5 Ke7 45. Kxg4 Kf6 46. h4 Ne4 47. Kf4 Nd6 48. g4 Nf7 49. g5+ Kg7 50.
h5 Kg8 51. g6 Nh6 52. Kg5 Nf7+ 53. gxf7+ Kxf7 54. f6 Kg8 55. h6 Kf8 56. Kf5 Kf7
57. Ke5 (57. h7 $18) 57... Kf8 58. Ke6 Ke8 59. f7+ Kf8 60. Kf5 Kxf7 61. Kg5 Kg8
1/2-1/2

[Event "LeoBurnett-Aces"]
[Site "?"]
[Date "2002.12.??"]
[Round "?"]
[White "Duffy, Jim"]
[Black "Benesa, Arnulfo"]
[Result "0-1"]
[WhiteElo "1784"]
[BlackElo "2260"]
[PlyCount "88"]

1. e4 c5 2. Nf3 d6 3. d4 cxd4 4. Nxd4 Nf6 5. Nc3 a6 6. Bg5 e6 7. f4 Be7 8. Qf3
Qc7 9. O-O-O Nbd7 10. g4 b5 11. Bxf6 Nxf6 12. g5 Nd7 13. f5 Nc5 14. f6 gxf6 15.
gxf6 Bf8 16. Rg1 Bd7 17. Rg7 b4 18. Nb1 Bxg7 19. fxg7 Rg8 20. Qf6 Qd8 21. Qh6
Qe7 22. Bc4 Nxe4 23. Rg1 Qf6 24. Qe3 Qf2 25. Qxf2 Nxf2 26. Nd2 d5 27. Be2 Nh3
28. Rg3 Nf4 29. Bf3 e5 30. Ne2 Nxe2+ 31. Bxe2 Ke7 32. Nb3 Kf6 33. Nc5 Rxg7 34.
Rxg7 (34. Nxd7+ Ke7 35. Rxg7 Kxd7 36. Rxf7+) 34... Kxg7 35. Nxa6 Bf5 36. h4 Be4
37. Nxb4 f5 38. b3 Kf6 39. Kd2 Ke6 40. a4 f4 41. Nd3 Bxd3 42. Kxd3 Kd6 43. Kc3
e4 44. Kd4 f3 0-1

[Event "Aces-LeoBurnett"]
[Site "?"]
[Date "2002.12.??"]
[Round "?"]
[White "Gazmen, Burt"]
[Black "Fulkerson, R."]
[Result "1-0"]
[WhiteElo "2037"]
[BlackElo "1415"]
[PlyCount "87"]

1. c4 e6 2. g3 Nf6 3. Bg2 Be7 4. e3 Nc6 5. Nc3 d6 6. Nge2 e5 7. d4 exd4 8. Nxd4
Ne5 9. O-O Nxc4 10. Qa4+ c6 11. Qxc4 Rb8 12. b4 d5 13. Qb3 Bd7 14. a4 a6 15.
Ba3 O-O 16. Rfc1 Rc8 17. a5 Bd6 18. Na4 Bc7 19. Nc5 Rb8 20. Ra2 Re8 21. Rac2
Be5 22. Bb2 Qe7 23. Nf3 Bxb2 24. Qxb2 Bf5 25. Rd2 Ne4 26. Nxe4 Bxe4 27. Nh4 g6
28. Bxe4 Qxe4 29. Rd4 Qe5 30. Qc3 Re7 31. Qd2 Rbe8 32. Rc5 Qd6 33. Nf3 Re4 34.
h4 f6 35. Rc1 h6 36. Rd1 Qe7 37. Rxe4 Qxe4 38. Nd4 Kh7 39. Qc2 Qe7 40. h5 Rg8
41. hxg6+ Rxg6 42. Nf5 Qxb4 43. Rb1 Qxa5 44. Ne7 1-0

[Event "Knights-Excaliburs"]
[Site "?"]
[Date "2003.01.23"]
[Round "?"]
[White "Morris, Rob"]
[Black "Inumerable, Florin"]
[Result "1/2-1/2"]
[WhiteElo "2123"]
[BlackElo "2275"]
[PlyCount "60"]

1. e4 Nf6 2. e5 Nd5 3. c4 Nb6 4. c5 Nd5 5. Nc3 Nxc3 6. bxc3 d6 7. cxd6 exd6 8.
Nf3 Bg4 9. Bc4 d5 10. Be2 Be7 11. Qb3 b6 12. Ba3 c5 13. d4 O-O 14. O-O Nc6 15.
Rfd1 Na5 16. Qc2 Bd6 17. Ba6 Qc7 18. Rab1 Rab8 19. Rb2 Rfd8 20. Rdb1 g6 21. h3
Bf5 22. Bd3 Nc4 23. Bxf5 Nxa3 24. Qa4 gxf5 25. Qxa3 cxd4 26. Qa4 dxc3 27. Rc2
Rbc8 28. Qb5 Qc4 29. Qxd5 Qe4 30. Qxe4 fxe4 {
and the rest of this (incorrect) gamescore was not recorded} 1/2-1/2

[Event "Excaliburs-Knights"]
[Site "?"]
[Date "2003.01.23"]
[Round "?"]
[White "Friske, Tom"]
[Black "Fridman, Yuri"]
[Result "1-0"]
[WhiteElo "2051"]
[BlackElo "2130"]
[PlyCount "83"]

1. d4 Nf6 2. c4 g6 3. Nc3 d5 4. cxd5 Nxd5 5. e4 Nxc3 6. bxc3 Bg7 7. Be3 c5 8.
Qd2 Qa5 9. Rc1 Nc6 10. d5 Ne5 11. h3 O-O 12. f4 Nd7 13. c4 Qa3 14. Nf3 Nb6 15.
Be2 Na4 16. Ne5 Rd8 17. O-O a5 18. Rb1 Qc3 19. Rb3 Qxd2 20. Bxd2 f5 21. Rfb1
Ra6 22. Bd1 Rdd6 23. Rb5 Nb6 24. Bxa5 Rxa5 25. Rxa5 fxe4 26. Rxc5 Bd7 27. Kf1
Bh6 28. Rc7 Bxf4 29. c5 Rxd5 30. Bb3 Bb5+ 31. Kf2 Bxe5 32. cxb6 Bc6 33. Rd1 e6
34. Bxd5 exd5 35. Rxc6 bxc6 36. Rc1 Bd4+ 37. Ke2 Bxb6 38. Rxc6 Bg1 39. a4 d4
40. a5 Kg7 41. a6 Kh6 42. Kf1 1-0

[Event "Knights-Excaliburs"]
[Site "?"]
[Date "2003.01.23"]
[Round "?"]
[White "Thomson, Jim"]
[Black "Sollano, Ely"]
[Result "0-1"]
[WhiteElo "1986"]
[BlackElo "2008"]
[PlyCount "56"]

1. e4 c5 2. c3 d5 3. exd5 Qxd5 4. d4 g6 5. Na3 cxd4 6. Nb5 Qd8 7. Bf4 Na6 8.
Bc4 Nf6 9. Nf3 Bg7 10. O-O O-O 11. Nbxd4 Nc5 12. Re1 Bg4 13. h3 Bxf3 14. Qxf3
Rc8 15. Rad1 Qb6 16. Bb3 Nxb3 17. Nxb3 Rfe8 18. Rd2 Qa6 19. Nd4 Nh5 20. Bh2 e5
21. Nf5 e4 22. Rxe4 gxf5 23. Qxf5 Nf6 24. Ree2 Rxe2 25. Rxe2 Rd8 26. Bc7 Rd1+
27. Kh2 Qxe2 28. Qc8+ Ne8 0-1

[Event "Excaliburs-Knights"]
[Site "?"]
[Date "2003.01.23"]
[Round "?"]
[White "Kogan, Greg"]
[Black "Augsburger, Len"]
[Result "0-1"]
[WhiteElo "1828"]
[BlackElo "1771"]
[PlyCount "76"]

1. e4 c6 2. d4 d5 3. e5 Bf5 4. Nf3 e6 5. Bd3 Bxd3 6. Qxd3 Qa5+ 7. Bd2 Qa6 8.
Qxa6 Nxa6 9. a3 c5 10. Nc3 cxd4 11. Nxd4 Bc5 12. Ndb5 Kd7 13. b4 Be7 14. O-O
Nc7 15. f4 Nxb5 16. Nxb5 a6 17. Nd4 Nh6 18. h3 Rac8 19. Rac1 Rc4 20. c3 Rhc8
21. g4 Bd8 22. f5 Bb6 23. fxe6+ fxe6 24. Kg2 Ke7 25. Ne2 Nf7 26. Nf4 Ng5 27.
Nxd5+ exd5 28. Bxg5+ Ke6 29. Rf3 d4 30. Rd3 Rxc3 31. Rdxc3 Rxc3 32. Rxc3 dxc3
33. Kf3 Kxe5 34. Ke2 Ke4 35. Bc1 Bc7 36. h4 Bf4 37. Kd1 Bxc1 38. Kxc1 Kf4 0-1

[Event "Knights-Excaliburs"]
[Site "?"]
[Date "2003.01.23"]
[Round "?"]
[White "Balicki, Jeff"]
[Black "Brotsos, Jim"]
[Result "1-0"]
[WhiteElo "1709"]
[BlackElo "1527"]
[PlyCount "33"]

1. e4 c5 2. d4 cxd4 3. c3 dxc3 4. Nxc3 d6 5. Nf3 Nf6 6. Bc4 Nc6 7. e5 dxe5 8.
Qxd8+ Nxd8 9. Nb5 Rb8 10. Nxe5 Ne6 11. Be3 a6 12. Nd4 b5 13. Bb3 g6 14. Rd1 Bg7
15. Ndc6 Rb7 16. Bxe6 Bxe6 17. Rd8# 1-0

[Event "Excaliburs-Knights"]
[Site "?"]
[Date "2003.01.23"]
[Round "?"]
[White "Suerth, Frank"]
[Black "Benforado, Ed"]
[Result "1-0"]
[WhiteElo "1518"]
[BlackElo "1578"]
[PlyCount "59"]

1. e4 c6 2. d4 d5 3. exd5 cxd5 4. Nc3 Nf6 5. Nf3 Nc6 6. Bb5 a6 7. Ba4 Bg4 8.
Be3 e6 9. h3 Bh5 10. a3 Be7 11. g4 Bg6 12. Qe2 b5 13. Bb3 Ne4 14. Nxe4 Bxe4 15.
O-O-O Rc8 16. Ba2 Na5 17. c3 O-O 18. Rhg1 b4 19. axb4 Bxb4 20. Bd2 Bxf3 21.
Qxf3 Be7 22. h4 Qb6 23. Bg5 Bxg5+ 24. hxg5 Rb8 25. Rd2 g6 26. Rh1 Kg7 27. Qf6+
Kg8 28. f4 Nb3+ 29. Bxb3 Qxb3 30. Rxh7 1-0

[Event "Citadel-Aces"]
[Site "?"]
[Date "2003.01.16"]
[Round "?"]
[White "Hayhurst, Lyle"]
[Black "Benesa, Arnulfo"]
[Result "0-1"]
[WhiteElo "1913"]
[BlackElo "2253"]
[PlyCount "72"]

1. e4 c5 2. Nf3 d6 3. d4 cxd4 4. Nxd4 Nf6 5. Nc3 a6 6. Be2 e6 7. Be3 Qc7 8. O-O
Nbd7 9. f4 b5 10. Bf3 Bb7 11. a3 Nb6 12. e5 Nfd5 13. Nxd5 Nxd5 14. Bxd5 Bxd5
15. Qh5 g6 16. Qg5 Bg7 17. exd6 Qxd6 18. Rad1 O-O 19. c3 Qc7 20. f5 f6 21. Qh4
exf5 22. Nxf5 Bc4 23. Nxg7 Bxf1 24. Rxf1 Qxg7 25. Bd4 Rae8 26. Bxf6 Qf7 27. Rf4
Qe6 28. Bd4 Rxf4 29. Qxf4 Qe1+ 30. Qf1 Re2 31. Qxe1 Rxe1+ 32. Kf2 Rb1 33. c4
bxc4 34. Ke2 Rh1 35. h3 Kf7 36. Ke3 Rh2 0-1

[Event "Aces-Citadel"]
[Site "?"]
[Date "2003.01.16"]
[Round "?"]
[White "Gazmen, Burt"]
[Black "Sensat, Jason"]
[Result "1-0"]
[WhiteElo "2055"]
[BlackElo "1726"]
[PlyCount "65"]

1. e4 c5 2. c3 d6 3. d4 cxd4 4. cxd4 Nf6 5. Nc3 a6 {Diagram #} 6. f3 g6 7. Be3
Bg7 8. Qd2 O-O 9. h4 b5 {Diagram #} 10. g4 b4 11. Nce2 {Diagram #} 11... Bxg4
$2 {simply too aggressive} 12. fxg4 Nxg4 13. h5 (13. Bf4 e5 14. Bg3) 13... Nxe3
14. Qxe3 Qb6 15. Nf3 Nc6 {Diagram #} 16. hxg6 fxg6 17. Bh3 {Diagram #} 17...
Rf6 18. O-O-O Ne5 {Diagram #} 19. Nxe5 (19. Qb3+ Nf7) (19. dxe5 $4 Qxe3+) 19...
dxe5 20. Qb3+ e6 21. Nc3 Bh6+ 22. Kb1 {Diagram #} 22... exd4 23. e5 Rf2 {
Diagram #} 24. Nd5 $1 Qc5 (24... exd5 25. Qxd5+ {and Qxa8 next}) (24... Qc6 $4
25. Ne7+) (24... Qb7 25. Nf6+ {and e6-Pawn will fall}) 25. Bxe6+ Kg7 {Diagram #
} 26. Rxh6 $3 {removing a defender. White shows the Rooksac is clearing a path
for Queen, not the other Rook!} 26... Kxh6 27. Rc1 $1 {
White will take over the 7th rank!} 27... Qxc1+ (27... Qf8 28. Qh3+ Kg7 29.
Rc7+ Kh8 30. Rxh7#) 28. Kxc1 Rf1+ 29. Kd2 Rf2+ 30. Ke1 Raf8 {Diagram #} 31.
Qh3+ Kg7 32. Nf6 {Diagram # mate threat at h7 and cutting off f2-Rook} 32... h6
33. Kxf2 1-0

[Event "Chargers-Pawns"]
[Site "?"]
[Date "2003.01.14"]
[Round "?"]
[White "Marcowka, Bob"]
[Black "Ellice, Wayne"]
[Result "1/2-1/2"]
[WhiteElo "1970"]
[BlackElo "1894"]
[PlyCount "144"]

1. e4 e6 2. c3 d5 3. e5 c5 4. Nf3 Ne7 5. Qa4+ Bd7 6. Qh4 Nbc6 7. Na3 Ng6 8.
Qxd8+ Rxd8 9. d4 cxd4 10. cxd4 Bb4+ 11. Ke2 Bxa3 12. bxa3 Na5 13. Nd2 Bb5+ 14.
Ke3 Bxf1 15. Rxf1 Rc8 16. f4 Rc3+ 17. Ke2 Kd7 18. Rb1 b6 19. f5 exf5 20. Rxf5
Ke6 21. Rf1 Rhc8 22. g3 Rc2 23. Kd1 Ne7 24. Nf3 h6 25. Nd2 R8c7 26. Rf3 Nf5 27.
Bb2 h5 28. Nf1 Rg2 29. Rxf5 Rxb2 30. Rxb2 Kxf5 31. Re2 Rc3 32. Ne3+ Ke6 33. Nc2
Rd3+ 34. Rd2 Rf3 35. Ke2 Rc3 36. Kf2 Nc4 37. Re2 a5 38. a4 Nb2 39. Kg2 Nxa4 40.
Kh3 b5 41. Kh4 g6 42. Kg5 b4 43. Na1 Nb6 44. Nb3 a4 45. Nc5+ Ke7 46. e6 b3 47.
axb3 axb3 48. exf7+ Kxf7 49. Rf2+ Ke7 50. Rb2 Nc4 51. Rxb3 Rxb3 52. Nxb3 Kf7
53. h3 Nd6 54. h4 Ne4+ 55. Kf4 Nf2 56. Nc5 Ng4 57. Kg5 Ne3 58. Nd7 Ng4 59. Nc5
Nf6 60. Kf4 Ng4 61. Nd7 Ke6 62. Nb6 Nf6 63. Na4 Nh7 64. Nc5+ Kf6 65. Nd7+ Ke6
66. Ne5 Kf6 67. Nf3 Nf8 68. Ke3 Kf5 69. Ne5 Ne6 70. Kd3 g5 71. hxg5 Nxg5 72.
Ke3 Ne4 1/2-1/2

[Event "Pawns-Chargers"]
[Site "?"]
[Date "2003.01.28"]
[Round "?"]
[White "O'Dell, David"]
[Black "Stamm, Vern"]
[Result "1/2-1/2"]
[WhiteElo "1480"]
[BlackElo "1507"]
[PlyCount "109"]

1. e4 b6 2. d4 Bb7 3. d5 Na6 4. c4 e6 5. Nc3 Bb4 6. Nge2 Ne7 7. a3 Bxc3+ 8.
Nxc3 O-O 9. Be2 c6 10. d6 Ng6 11. f4 Qf6 12. g3 (12. e5 Qd8 (12... Qf5 $4 13.
Bd3)) 12... Rac8 13. Bf3 Nb8 14. Qe2 Qd8 15. e5 f5 16. h4 Ba6 17. b4 Bb7 18. h5
Nh8 19. Qh2 Nf7 20. Qh4 Nh6 21. Qxd8 Rfxd8 22. Rg1 Ng4 23. Bxg4 fxg4 24. c5
bxc5 25. bxc5 Na6 26. Be3 Ba8 27. Rb1 Rb8 28. Kf2 g6 29. hxg6 hxg6 30. Ne4 Kg7
31. Rh1 Rb5 32. Rhc1 Rdb8 33. Rxb5 cxb5 34. Nf6 Bc6 35. Bd2 Rh8 36. Be1 Rh2+
37. Ke3 Ra2 38. Rc3 b4 39. axb4 Nxb4 40. Rc1 Ra3+ 41. Bc3 Nd5+ 42. Nxd5 Bxd5
43. Kd3 Bc6 44. Rb1 a5 45. Kc2 $2 Be4+ 46. Kb2 Ra4 $2 (46... Rxc3 $1 47. Re1 (
47. Kxc3 Bxb1) 47... Rc4 $19) 47. Ra1 Rxa1 48. Kxa1 a4 49. Kb2 Kf7 50. Ka3 Ke8
51. Bb2 Kd8 52. Kxa4 Kc8 53. Kb5 Kb8 54. Ba3 Bd5 55. Bb4 1/2-1/2

[Event "Case-Pawns"]
[Site "?"]
[Date "2003.01.14"]
[Round "?"]
[White "Fraats, Dan"]
[Black "Ellice, Wayne"]
[Result "1/2-1/2"]
[WhiteElo "1851"]
[BlackElo "1894"]
[PlyCount "62"]

1. e4 e6 2. d4 d5 3. exd5 exd5 4. Bd3 Nf6 5. h3 Be7 6. Nf3 O-O 7. O-O b6 8. Re1
Nbd7 9. Bf4 Re8 10. Nbd2 Nf8 11. Ne5 Bd7 12. Ndf3 Ng6 13. Nxg6 hxg6 14. Ne5 Nh7
15. Qf3 Nf6 16. Nxf7 Kxf7 17. Re5 Bf5 18. Bxf5 gxf5 19. Rxf5 Kg8 20. Be5 Rf8
21. Bxf6 Rxf6 22. Qxd5+ Qxd5 23. Rxd5 Bd6 24. Re1 Kf7 25. g4 c6 26. Rh5 Rf8 27.
d5 Bc5 28. Re2 cxd5 29. Rxd5 Kg6 30. Rdd2 a5 31. Kg2 R8f7 1/2-1/2

[Event "Pawns"]
[Site "?"]
[Date "2003.01.28"]
[Round "?"]
[White "Mikulecky, Bob"]
[Black "O'Dell, Dave"]
[Result "1/2-1/2"]
[WhiteElo "1485"]
[BlackElo "1480"]
[PlyCount "121"]

1. d4 d5 2. c4 dxc4 3. e4 b5 4. a4 c6 5. b3 cxb3 6. axb5 Qb6 7. Be3 e6 8. Qxb3
a6 9. Qc4 $2 a5 $2 (9... axb5 $1 {hitting Queen and Rook} 10. Qc3 (10. d5 bxc4
11. Bxb6 Rxa1) 10... Bb4 $1 11. Qxb4 Rxa1) 10. d5 c5 11. Nc3 Nd7 12. Nf3 Bd6
13. Na4 Qc7 14. Rb1 Nb6 15. Qc2 Bd7 16. Be2 Nf6 $2 17. dxe6 fxe6 18. Nxb6 Qxb6
19. e5 Nd5 20. exd6 Nxe3 21. fxe3 Qxd6 22. O-O O-O 23. Ng5 g6 24. Rfd1 Qe7 25.
Nf3 (25. h4 $5) 25... Rab8 26. Qc4 Rf5 27. Ra1 Bxb5 28. Qc2 Bc6 29. Rxa5 Qf8
30. Rf1 Qh6 31. Qd2 Rd5 32. Qc1 Rh5 33. Rxc5 Bxf3 34. Rc8+ Rxc8 35. Qxc8+ Kg7
36. Qc7+ Kf6 37. Bxf3 (37. Rxf3+ Rf5 (37... Kg5 $4 38. Qf4#)) 37... Qxe3+ 38.
Kh1 Re5 39. Be2+ Rf5 40. Qd8+ Ke5 41. Qa5+ Kf6 42. Rxf5+ gxf5 43. Qe1 Kg5 44.
Qf1 (44. Qg3+ Qxg3 45. hxg3) 44... e5 45. h3 f4 46. Qf3 Qxf3 $2 47. Bxf3 Kh4
48. Kh2 (48. Kg1 Kg3 49. Kf1 h6 50. Ke2) 48... h6 49. Be4 Kg5 50. Kg1 h5 51.
Kf2 Kh4 52. Kf3 Kg5 53. Bd3 Kf6 54. Ke4 Ke6 55. Be2 h4 56. Bg4+ Kf6 57. Kd5 Kg5
58. Kxe5 {
The scoresheet reads "DRAW AGREED", but the position is certainly not a draw.}
58... Kh6 59. Kxf4 Kg6 60. Bf3 Kf6 61. Kg4 1/2-1/2

[Event "Northrop-UOP"]
[Site "?"]
[Date "2003.02.11"]
[Round "?"]
[White "Walker, Arnie"]
[Black "Stevanovic, Mik"]
[Result "0-1"]
[WhiteElo "1790"]
[BlackElo "2214"]
[PlyCount "142"]

1. g3 d6 2. Bg2 e5 3. c4 Nf6 4. b4 c6 5. Bb2 Nbd7 6. a3 Be7 7. Nf3 O-O 8. Nc3
a6 9. d4 e4 10. Nd2 d5 11. e3 Re8 12. Qb3 Nf8 13. O-O Be6 14. c5 Qd7 15. Ne2
Bh3 16. Bxh3 Qxh3 17. Nf4 Qh6 18. Kg2 g5 19. Nh3 g4 20. Nf4 Ng6 21. Rh1 Nxf4+
22. exf4 Qh3+ 23. Kg1 Bd8 24. Nf1 Bc7 25. Bc1 Nh5 26. Qd1 Ng7 27. Ne3 f5 28.
Qf1 Qxf1+ 29. Kxf1 a5 30. b5 Bd8 31. b6 Re6 32. h4 gxh3 33. Rxh3 h5 34. Ng2 Rh6
35. Nh4 Bf6 36. Bb2 Kf7 37. Ke2 Ke6 38. a4 Bxh4 39. Rxh4 Kf6 40. Bc1 Kg6 41.
Be3 Ne8 42. Ke1 Nf6 43. Ke2 Kf7 44. Kd2 Ng4 45. Ke2 Nf6 46. Kd2 Ng8 47. Ke2 Kg7
48. Bd2 Nf6 49. Be3 Rg6 50. Rah1 Rg4 51. Rxg4+ fxg4 52. Bd2 Kg6 53. Ke3 Ng8 54.
Ke2 Ne7 55. Be3 Nf5 56. Kd2 Rh8 57. Ke2 Kf6 58. Kf1 Kg6 59. Ke2 Rf8 60. Kd2 h4
61. gxh4 Kh5 62. Rg1 Ng7 63. Ke2 Ne6 64. Rh1 Nxf4+ 65. Kf1 Ne6 66. Ke2 Nf4+ 67.
Kf1 Nd3 68. Ke2 Nb2 69. Bd2 Nc4 70. Bc1 Rf3 71. Bg5 Ra3 0-1

[Event "Northrop-UOP"]
[Site "?"]
[Date "2003.02.11"]
[Round "?"]
[White "Burian, Dave"]
[Black "Revellon, Lucas"]
[Result "0-1"]
[WhiteElo "1553"]
[BlackElo "1937"]
[PlyCount "62"]

1. e4 e6 2. d4 d5 3. exd5 exd5 4. Nf3 Bd6 5. h3 Ne7 6. Nc3 c6 7. Bd3 O-O 8. O-O
Bf5 9. Bg5 f6 10. Bxf5 Nxf5 11. Bd2 Na6 12. Re1 Qd7 13. Ne2 Nc7 14. c3 Ne6 15.
Qc2 g6 16. h4 Rf7 17. h5 Re8 18. Kf1 Bb8 19. Neg1 Nf4 20. Rxe8+ Qxe8 21. hxg6
hxg6 22. g4 Ne7 23. Re1 Qd7 24. Ne2 Qxg4 25. Nxf4 Bxf4 26. Bxf4 Qxf4 27. Re3
Nf5 28. Re8+ Kg7 29. Qe2 g5 30. Ng1 Ng3+ 31. Ke1 Nxe2 0-1

[Event "UOP-Northrop"]
[Site "?"]
[Date "2003.02.11"]
[Round "?"]
[White "Boldingh, Ed"]
[Black "Gardner, MIke"]
[Result "1-0"]
[WhiteElo "1891"]
[BlackElo "1274"]
[PlyCount "91"]

1. e4 c5 2. Nf3 Nc6 3. d4 cxd4 4. c3 dxc3 5. Nxc3 g6 6. Bc4 Bg7 7. O-O e6 8.
Nb5 Nf6 9. Qd6 Qe7 10. Nc7+ Kd8 11. Qxe7+ Kxe7 12. e5 Rb8 13. exf6+ Bxf6 14.
Re1 Kd8 15. Nb5 d5 16. Bg5 Bxg5 17. Nxg5 Ke7 18. Bxd5 Kf6 19. Ne4+ Kg7 20. Bb3
a6 21. Nbc3 Nd4 22. Rad1 Nxb3 23. axb3 b5 24. Nc5 h5 25. h4 b4 26. N3e4 Rb6 27.
Rd6 Rb5 28. Rc1 Ra5 29. Ng5 Re8 30. Nd3 Rb5 31. Rc7 Rf8 32. Nxe6+ Bxe6 33. Rxe6
Kh6 34. Ree7 Rf5 35. Nxb4 a5 36. Nc2 Kg7 37. Nd4 Rf6 38. Ne6+ Kg8 39. Nxf8 Kxf8
40. Re5 Ra6 41. f4 Kg7 42. f5 Kf6 43. Ree7 Kxf5 44. Rxf7+ Kg4 45. Rc4+ Kg3 46.
Rf3# 1-0

[Event "Northrop-UOP"]
[Site "?"]
[Date "2003.02.11"]
[Round "?"]
[White "Gothier, Sean"]
[Black "Sacks, Dave"]
[Result "0-1"]
[WhiteElo "1356"]
[BlackElo "1825"]
[PlyCount "76"]

1. e4 d5 2. exd5 Nf6 3. c4 c6 4. Nc3 cxd5 5. Nxd5 Nxd5 6. cxd5 Qxd5 7. Nf3 Nc6
8. Qa4 Bd7 9. Bb5 a6 10. Bxc6 Bxc6 11. Qd4 Qb5 12. Qc3 Rd8 13. Nd4 Qe5+ 14. Ne2
Qe4 15. f3 Qh4+ 16. Ng3 e6 17. O-O Qd4+ 18. Qe3 Bc5 19. Kh1 Qc4 20. Qc3 Qxc3
21. dxc3 Bb5 22. Bg5 f6 23. Bxf6 gxf6 24. Rfe1 Kf7 25. Re4 Rd2 26. b3 Rhd8 27.
Ree1 Bf2 28. Rec1 Bxg3 29. hxg3 Be2 30. Kh2 Bxf3 31. Rg1 Bg4 32. Rgf1 Rc2 33.
Rf4 f5 34. Rb4 b5 35. c4 Rdd2 36. cxb5 Rxg2+ 37. Kh1 Bf3 38. bxa6 Rxg3# 0-1

[Event "UOP-Northrop"]
[Site "?"]
[Date "2003.02.11"]
[Round "?"]
[White "Lechnick, Jay"]
[Black "Elek, Gee"]
[Result "1-0"]
[WhiteElo "1694"]
[BlackElo "1089"]
[PlyCount "73"]

1. e4 e5 2. Nf3 Nc6 3. Bb5 Nf6 4. O-O Nxe4 5. d4 exd4 6. Re1 f5 7. Nxd4 g6 8.
f3 Bg7 9. c3 O-O 10. fxe4 Nxd4 11. cxd4 fxe4 12. Rxe4 d5 13. Rf4 c6 14. Rxf8+
Qxf8 15. Ba4 Qb4 16. a3 Bxd4+ 17. Kh1 Bxb2 18. axb4 Bxa1 19. Nd2 Bc3 20. Qb3
Bg7 21. b5 Bd7 22. bxc6 Bxc6 23. Bxc6 bxc6 24. Nf3 Re8 25. Qb7 c5 26. Qxd5+ Kf8
27. Qxc5+ Kg8 28. h3 a6 29. Qc4+ Kf8 30. Ba3+ Re7 31. Bxe7+ Kxe7 32. Qxa6 Kf7
33. Ng5+ Ke7 34. Qe6+ Kd8 35. Qf7 Bh6 36. Ne6+ Kc8 37. Qc7# 1-0

[Event "Northrop-Kemper"]
[Site "?"]
[Date "2002.12.12"]
[Round "?"]
[White "Vigants, Al"]
[Black "Easton, Richard"]
[Result "0-1"]
[WhiteElo "1668"]
[BlackElo "1796"]
[PlyCount "36"]

1. d4 d5 2. e3 Bf5 3. c4 c6 4. Nc3 Nf6 5. Nf3 e6 6. cxd5 exd5 7. Be2 Bd6 8. O-O
O-O 9. Nh4 Be6 10. Bd3 Ng4 11. Nf3 Qc7 12. h3 Nf6 13. Qc2 g6 14. Nb5 cxb5 15.
Qxc7 Bxc7 16. Bxb5 a6 17. Bd3 Nc6 18. Bd2 Ba5 0-1